MARC

LEADER 00000nam0a2200000 4500
001 69125
005 20231031075431.0
035 |a (RuTPU)RU\TPU\book\73621 
090 |a 69125 
100 |a 20041019d1968 km y0rusy50 ca 
101 1 |a rus  |c eng 
102 |a RU 
105 |a a z 001zy 
200 1 |a Теория затвердевания  |e пер. с англ.  |f Б. Чалмерс 
210 |a Москва  |c Металлургия  |d 1968 
215 |a 288 с.  |c ил. 
320 |a Библиография в конце глав. 
610 1 |a металлообработка 
610 1 |a литье 
610 1 |a затвердевание 
610 1 |a жидкие металлы 
610 1 |a кристаллизация 
610 1 |a теплообмен 
675 |a 621.7М  |v 3 
700 1 |a Чалмерс  |b Б.  |g Брюс 
801 1 |a RU  |b 63413507  |c 20041019  |g PSBO 
801 2 |a RU  |b 63413507  |c 20160602  |g PSBO 
942 |c BK